000 00651nam a2200193Ii 4500
003 JO-AjNU
008 230605s9999||||xx |||||||||||||| ||und||
040 _aJO-AjNU
_bara
_erda
_cJO-AjNU
041 _aara
050 1 4 _aLC903.S4 1983
100 3 _aالشرقاوي،حسن,
_eauthor
_99030
245 0 0 _aنحو تربية إسلامية
264 3 1 _aالإسكندرية:مؤسسة شباب الجامعة،1983
300 _a376ص
336 _atext
_btxt
_2rdacontent
337 _aunmediated
_bn
_2rdamedia
338 _avolume
_bnc
_2rdacarrier
650 4 _aالتعليم الديني الإسلامي-التربية الإسلامية
_99031
999 _aA1091
_c4659
_d4659